| 000 | 00675nam a2200241Ia 4500 | ||
|---|---|---|---|
| 003 | OSt | ||
| 005 | 20220918222335.0 | ||
| 006 | a|||||r|||| 00| 0 | ||
| 007 | ta | ||
| 008 | 220917b |||||||| |||| 00| 0 eng d | ||
| 024 | _a216,488 | ||
| 037 | _cTextual | ||
| 040 |
_aARTS _cARTS _beng |
||
| 041 |
_2eng _aeng |
||
| 082 | _aR3xM44:g, P2 | ||
| 100 |
_aWhite Richard Ed. _9142847 |
||
| 245 | 0 | _aNietzsche | |
| 260 |
_aEngland _bAshgate _c2002 |
||
| 300 |
_axxiv, 561p _ccm. |
||
| 490 | _aThe international Library of critical essays in the history of philosophy | ||
| 942 |
_hR3xM44:g, P2 _cTEXL _2CC |
||
| 999 |
_c275226 _d275226 |
||